Đánh giá hiệu quả của các mô hình nuôi cá tra theo tiêu chuẩn ASC và GLOBAL GAP ở Đồng Bằng sông Cửu Long : Luận văn thạc sĩ. Ngành Nuôi trồng thủy sản
Luận văn nghiên cứu về đánh giá hiệu quả của các mô hình nuôi cá tra theo tiêu chuẩn ASC và GLOBAL GAP ở Đồng Bằng sông Cửu Long. Từ đó đưa ra các giải pháp áp dụng các TCCN trong nuôi cá tra trong thời gian tới...
Kaydedildi:
| Yazar: | |
|---|---|
| Materyal Türü: | Kitap |
| Dil: | Undetermined |
| Baskı/Yayın Bilgisi: |
Cần Thơ
Đại học Cần Thơ
2013
|
| Konular: | |
| Etiketler: |
Etiketle
Etiket eklenmemiş, İlk siz ekleyin!
|
| Thư viện lưu trữ: | Trung tâm Học liệu Trường Đại học Cần Thơ |
|---|
| LEADER | 01180nam a2200217Ia 4500 | ||
|---|---|---|---|
| 001 | CTU_185834 | ||
| 008 | 210402s9999 xx 000 0 und d | ||
| 082 | |a 639.31 | ||
| 082 | |b T502 | ||
| 088 | |a 606270 | ||
| 100 | |a Trần, Hoàng Tuân | ||
| 245 | 0 | |a Đánh giá hiệu quả của các mô hình nuôi cá tra theo tiêu chuẩn ASC và GLOBAL GAP ở Đồng Bằng sông Cửu Long : | |
| 245 | 0 | |b Luận văn thạc sĩ. Ngành Nuôi trồng thủy sản | |
| 245 | 0 | |c Trần Hoàng Tuân ; Trương Hoàng Minh (người hướng dẫn) | |
| 260 | |a Cần Thơ | ||
| 260 | |b Đại học Cần Thơ | ||
| 260 | |c 2013 | ||
| 520 | |a Luận văn nghiên cứu về đánh giá hiệu quả của các mô hình nuôi cá tra theo tiêu chuẩn ASC và GLOBAL GAP ở Đồng Bằng sông Cửu Long. Từ đó đưa ra các giải pháp áp dụng các TCCN trong nuôi cá tra trong thời gian tới | ||
| 650 | |a Thủy sản cá da trơn,Catfish fisheries | ||
| 904 | |i Nguyễn Thị Thảo Trinh | ||
| 980 | |a Trung tâm Học liệu Trường Đại học Cần Thơ | ||